[Event "Madurai Athens of the East op-B U1600"]
[Site "Madurai"]
[Date "2023.12.29"]
[Round "7"]
[White "Kavinkumar, G."]
[Black "Devarsh, Kinra"]
[Result "1-0"]
[WhiteElo "1499"]
[BlackElo "1299"]
[PlyCount "81"]
[EventDate "2023.12.27"]
[EventType "swiss"]
[EventRounds "9"]
[EventCountry "IND"]
[SourceTitle "CB02_2024"]
[SourceDate "2024.01.10"]
[SourceVersion "1"]
[SourceVersionDate "2024.01.10"]
[SourceQuality "1"]

1. d4 d5 2. Bf4 c5 3. e3 Nc6 4. Nf3 Nf6 5. Nbd2 Qb6 6. dxc5 Qxb2 7. Rb1 Qa3 8. Bb5 e6 9. Nd4 Bd7 10. Bd3 a6 11. 0-0 Bxc5 12. Rxb7 Nxd4 13. exd4 Bd6 14. Rb3 Qxb3 15. axb3 Bxf4 16. Nf3 Ke7 17. Ne5 Rhc8 18. g3 Bxe5 19. dxe5 Ne8 20. f4 Bb5 21. f5 Bxd3 22. Qxd3 h6 23. fxe6 fxe6 24. Qg6 Rc6 25. Rf7+ Kd8 26. Rf8 Kc7 27. Rxe8 Rxe8 28. Qxe8 Kb6 29. c3 Rxc3 30. Qxe6+ Kc5 31. Qd6+ Kd4 32. e6 Re3 33. Qf4+ Kd3 34. Qxe3+ Kxe3 35. e7 d4 36. e8Q+ Kd2 37. Qc6 d3 38. Kf2 h5 39. h4 Kd1 40. Ke3 d2 41. Qc3 1-0